| 000 | 00686nam a22002297a 4500 | ||
|---|---|---|---|
| 003 | DO-SdBNP | ||
| 005 | 20180124085937.0 | ||
| 008 | 151124b 1998 nyu xxu||||| |||| 00| 0 spa d | ||
| 020 | _a0141301139 | ||
| 040 |
_aBPMSU _bspa _cBPMSU |
||
| 092 |
_axxxxx _bxxxxx |
||
| 100 | 1 |
_aDahl, Roald, _d1916-1990. |
|
| 245 |
_aFantastic Mr Fox / _cFantastic Mr Fox, illustrated by Quentin Blake. |
||
| 260 |
_aNew York : _bPuffin Books, _c1998. |
||
| 300 |
_a81 p. _bil. ; _c20 cm. |
||
| 500 | _aIncluye datos biográficos del autor. | ||
| 700 |
_aBlake, Quentin, _dil. |
||
| 910 | _a00260 | ||
| 942 |
_2ddc _cBK |
||
| 945 | _aInventariado, 2018 / YL | ||
| 956 |
_aLorenza Pérez _b10 _cBPMSU |
||
| 999 |
_c8885 _d8885 |
||